DC Comics Character Chain - Statistics

General Stats
  • This quiz has been taken 352 times
  • The average score is 9 of 15
Answer Stats
Clue Answer % Correct
Superman's cousin Supergirl
98%
Superman's billionaire enemy Lex Luthor
97%
Diana Prince Wonder Woman
94%
Dick Grayson after Robin Nightwing
93%
The Emerald Archer Green Arrow
91%
His home is Mars Martian Manhunter
84%
Real name is Billy Batson SHAZAM!
84%
Super Intelligent Ape Gorilla Grodd
80%
Eobard Thawne Reverse Flash
73%
His sign is the omega symbol Darkseid
57%
Leader of the Suicide Squad Rick Flag
39%
Gotham PD's Trusty Detective Harvey Bullock
26%
Arch-enemy of Firestorm Killer Frost
18%
His enemy is the Warlord Deimos
5%
A living, sentient planet incarnate Telos
2%
No matching quizzes found
Score Distribution
Percent of People with Each Score
Percentile by Number Answered
Your Score History
You have not taken this quiz